000 00729nam a2200229 a 4500
001 000006481
005 20260202095302.0
008 090831s2005 dr 000 0 spa d
020 _a994585481X
040 _aDO-SdBNP
_bspa
_cBNPHU
082 _a248
_bB142m
100 1 _aBáez Jiménez, Pedro Antonio,
_d1962-
_917952
245 1 0 _aDe lo material a lo espiritual /
_cPedro Antonio Báez Jiménez.
260 _aSanto Domingo :
_bEditora K,
_c2005.
300 _a153 p. ;
_c21 cm.
650 0 _aVida espiritual
_9268
650 4 _aExperiencia
_917953
650 0 _aEspiritualidad
_9613
650 4 _aConducta (psicología) aspectos sociales
_917954
650 0 _aValores sociales
_91087
650 4 _aDirección espiritual
_96470
999 _c6272
_d6272